Risk, liability and insurance in valuation work (Record no. 116118)
[ view plain ]
| 000 -LEADER | |
|---|---|
| fixed length control field | 01542cad a22002415a 4500 |
| 001 - CONTROL NUMBER | |
| control field | L159807 |
| 008 - FIXED-LENGTH DATA ELEMENTS--GENERAL INFORMATION | |
| fixed length control field | 130205s2018 xxk f 000 0 eng d |
| 020 ## - INTERNATIONAL STANDARD BOOK NUMBER | |
| International Standard Book Number | 9781783212194 |
| 035 ## - SYSTEM CONTROL NUMBER | |
| System control number | (Sirsi) u159807 |
| 041 0# - LANGUAGE CODE | |
| Language code of text/sound track or separate title | eng |
| 110 2# - MAIN ENTRY--CORPORATE NAME | |
| Corporate name or jurisdiction name as entry element | Royal Institution of Chartered Surveyors |
| 9 (RLIN) | 4900 |
| 245 00 - TITLE STATEMENT | |
| Title | Risk, liability and insurance in valuation work |
| Medium | [electronic resource] |
| Statement of responsibility, etc. | [archived] |
| 250 ## - EDITION STATEMENT | |
| Edition statement | 2nd |
| 260 ## - PUBLICATION, DISTRIBUTION, ETC. | |
| Place of publication, distribution, etc. | London |
| Name of publisher, distributor, etc. | RICS |
| Date of publication, distribution, etc. | 2018 |
| 520 ## - SUMMARY, ETC. | |
| Summary, etc. | Provides guidance for chartered surveyors carrying out valuations both residential and commercial for secured lending purposes. Highlights key risks and liabilities and the impact on Professional Indemnity Insurance (PII) claims and costs. Looks at liability caps and the RICS position on valuers liabilities to third parties. It is intended to assist both members and their clients in understanding the main risks and liabilities associated with valuation. |
| 520 ## - SUMMARY, ETC. | |
| Summary, etc. | Supersedes 1st edition. |
| 520 ## - SUMMARY, ETC. | |
| Summary, etc. | Effective from January 2018 to April 2021. This document was republished with a similar title as a first edition guidance note in April 2021. Title: Risk, liability and insurance. It was reissued in October 2022 as practice information. See ISBN ISBN I9781783214167 |
| 651 #4 - SUBJECT ADDED ENTRY--GEOGRAPHIC NAME | |
| Geographic name | International |
| 690 ## - LOCAL SUBJECT ADDED ENTRY--TOPICAL TERM (OCLC, RLIN) | |
| Topical term or geographic name as entry element | Valuation |
| 9 (RLIN) | 6273 |
| 690 ## - LOCAL SUBJECT ADDED ENTRY--TOPICAL TERM (OCLC, RLIN) | |
| Topical term or geographic name as entry element | Insurance |
| 9 (RLIN) | 6249 |
| 856 40 - ELECTRONIC LOCATION AND ACCESS | |
| Uniform Resource Identifier | <a href="https://www.isurv.com/downloads/file/7533/archive_risk_liability_and_insurance_in_valuation_work_effective_from_january_2018_to_april_2021">https://www.isurv.com/downloads/file/7533/archive_risk_liability_and_insurance_in_valuation_work_effective_from_january_2018_to_april_2021</a> |
| Public note | Archived on isurv (subscription required) |
| 942 ## - ADDED ENTRY ELEMENTS (KOHA) | |
| Suppress in OPAC | 0 |
| Source of classification or shelving scheme | Dewey Decimal Classification |
| Withdrawn status | Lost status | Source of classification or shelving scheme | Damaged status | Not for loan | Home library | Current library | Shelving location | Date acquired | Total Checkouts | Full call number | Barcode | Date last seen | Copy number | Price effective from | Koha item type |
|---|---|---|---|---|---|---|---|---|---|---|---|---|---|---|---|
| Dewey Decimal Classification | Virtual | Virtual | Online | 01/02/2018 | isurv | 159807-2001 | 23/08/2023 | 1 | 06/08/2019 | Online material |